000 03205cam a22005054i 4500
003 PE-LiUPU
005 20250731173111.0
008 181221s2018 miu r 001 0 eng d
020 _a9780310536130
020 _a0310536138
035 _a(Sirsi) a251126
040 _aPE-LiUPU
_bspa
_cPE-LiUPU
_erda
049 _aPRUA
082 0 4 _a231.765
_bK6
_223
245 0 0 _aKnowing creation :
_bperspectives from theology, philosophy and science /
_cAndrew B. Torrance and Thomas H. McCall, editors.
264 1 _aGrand Rapids :
_bZondervan,
_c2018.
300 _a341 páginas ;
_c23 centímetros.
336 _atext
_2rdacontent
337 _aunmediated
_2rdamedia
338 _avolume
_2rdacarrier
490 0 _aPerspectives from theology, philosophy, and science ;
_vvolume 1
504 _aÍndice : páginas 327-332.
505 0 _aTheological perspectives -- Every good and perfect gift is from above: Creation ex nihilo before nature and culture / Simon Oliver -- "We are all God's vocabulary": The idea of creation as a speech-act of the trinitarian God and its significance for the dialogue between theology and sciences / Christoph Schwöbel -- Why should free scientific inquiry matter to faith?: The case of John Calvin / Randall C. Zachman -- Not knowing creation / Andrew B. Torrance -- Biblical and historical perspectives -- Origins in Genesis: Claims of an ancient text in a modern scientific world / John H. Walton -- How did Genesis become a problem?: On the hermeneutics of natural science / Francis Watson -- Knowing creation in the light of Job and astrobiology / William P. Brown -- Knowing and being known: Interpersonal cognition and the knowledge of God in Paul's letters / Susan Grove Eastman -- Philosophical perspectives. Sanctifying matter / Marilyn McCord Adams -- The vision of the hazelnut / Peter van Inwagen -- Are we hardwired to believe in God?: Natural signs for God, evolution, and the sensus divinitatis / C. Stephen Evans -- Knowing nature: Aristotle, God, and the quantum / Robert C. Koons -- Scientific perspectives. Knowing nature: Beyond the false dilemma of reduction or emergence / William M. R. Simpson -- Creation, providence, and evolution / Denis R. Alexander -- "The trees of the field shall clap their hands" (Isaiah 55:12): What does it mean to say that a tree praises God? / Mark Harris -- The science-and-religion delusion: Towards a theology of science / Tom McLeish.
526 _aSEG42
526 _aSEG41
526 _aSEG40
526 _aSEG39
526 _aP94
526 _aP87
526 _aP86
526 _aP85
526 _aP77
526 _aP76
526 _aP35
650 0 4 _aCreación.
650 0 4 _aCreacionismo.
700 1 _aTorrance, Andrew B.,
_eeditor.
700 1 _aMcCall, Thomas H.,
_eeditor.
910 _adbm
_bncf
_cncf
_d20181221
942 _2ddc
_cBOOK
994 _aC0
_bPEPRU
596 _a1
999 _a231.765 K6
_wDEWEY
_c30575
_i79692
_f2021-11-9
_g4
_lCCODEBUL1
_mBUL
_p23.99
_r0
_sY
_tBOOK
_u2018-12-21
_xTEOLOGIA
_PP85
_0COMPRA
_1FCOMPR2
_o.STAFF. Colección Teología
_d30575
980 _81
_gALBERTO SANCHEZ Responsable de Automatización